| 000 | 01014nam a2200241 i 4500 | ||
|---|---|---|---|
| 001 | 160703 | ||
| 003 | ES-MaACL | ||
| 005 | 20230906212118.0 | ||
| 008 | 010905s1860 fr |||| | fre d | ||
| 040 |
_aCAM _bspa _cCAM |
||
| 100 | 1 |
_aNisard, Charles. _9130498 |
|
| 245 | 1 | 4 |
_aLes gladiateurs de la république des lettres aux XVe, XVIe, et XVIIe siècles / _cpar Charles Nisard. |
| 260 |
_aParis : _bMichel Lévy Frères, libraires-éditeurs, _c1860 ( _eCorbeil : _ftypographie et stéréotype de Crété) |
||
| 300 |
_a2 v. ; _c23 cm. |
||
| 597 | _aT. I. (VIII, 407 p.) -- t. II. (416 p.) | ||
| 600 | 1 | 4 |
_aFilelfo, Francesco- _xBiobibliografías. _9127078 |
| 600 | 1 | 4 |
_aBracciolini, Poggio ( _d1380-1459) _9152379 |
| 600 | 1 | 4 |
_aValla, Lorenzo- _xBiobibliografías. _9133510 |
| 600 | 1 | 4 |
_aScaligero, Giulio Cesare- _xBiobibliografías. _9132525 |
| 600 | 1 | 4 |
_aScioppius, Gaspard- _xBibliografías. _9132595 |
| 600 | 1 | 4 |
_aGarane, François- _xBibliografás. _9127198 |
| 852 |
_aES-MaACL _jG-10678-79 _z-- Enc. hol. |
||
| 999 |
_c160703 _d160703 |
||